Zaměstnávání cizinců a občanů Slovenské republiky
Základné informácie pre zamestnávateľov o možnostiach zamestnávania cudzincov a osôb bez štátnej príslušnosti v Českej republike a o vzájomnom zamestnávaní občanov ČR trvale žijúcich na území ČR a občanov SR trvale žijúcich na území SR na území druhého štátu. Povinnosť registrácie týchto zamestnanco...
Saved in:
| Main Author: | |
|---|---|
| Format: | Book Chapter |
| Language: | Czech |
| Subjects: | |
| Tags: |
No Tags, Be the first to tag this record!
|
MARC
| LEADER | 00000naa a2200000 4500 | ||
|---|---|---|---|
| 001 | r030207 | ||
| 005 | 20230728093927.5 | ||
| 041 | 0 | |a cze | |
| 044 | |a SK | ||
| 245 | 1 | 0 | |a Zaměstnávání cizinců a občanů Slovenské republiky |c Milan Pelikán |
| 520 | |a Základné informácie pre zamestnávateľov o možnostiach zamestnávania cudzincov a osôb bez štátnej príslušnosti v Českej republike a o vzájomnom zamestnávaní občanov ČR trvale žijúcich na území ČR a občanov SR trvale žijúcich na území SR na území druhého štátu. Povinnosť registrácie týchto zamestnancov. Hmotné zabezpečenie uchádzačov o zamestnanie. Dane a sociálne zabezpečenie. | ||
| 610 | 2 | 0 | |a cudzinci |
| 610 | 2 | 0 | |a zamestnávatelia |
| 610 | 2 | 0 | |a zamestnanosť |
| 610 | 2 | 0 | |a pobyt dlhodobý |
| 610 | 2 | 0 | |a Česko |
| 610 | 2 | 0 | |a Slovensko |
| 610 | 2 | 0 | |a zmluvy medzinárodné |
| 610 | 2 | 0 | |a zabezpečenie sociálne |
| 100 | 1 | |a Pelikán, Milan | |